Espace et identité . La Martinique: paysannerie des mornes et reconquete collective 1840-1960 /

Detalles Bibliográficos
Autor principal: Chivallon, Christine
Formato: Libro
Publicado: Paris : CNRS, 1998.
Materias:
Etiquetas: Agregar Etiqueta
Sin Etiquetas, Sea el primero en etiquetar este registro!

MARC

LEADER 00000nam a22000004a 4500
001 AR-BbUGT4386
003 AR-BbUGT
005 20200402140040.0
007 ta
008 061101t1998 ||| |0|||0| d
999 |c 11670  |d 11670 
020 |a 2-271-05618-7 
040 |a AR-BbUGT  |b spa  |c AR-BbUGT 
082 0 4 |a 307.72 
100 1 |a Chivallon, Christine. 
245 1 0 |a Espace et identité . La Martinique:   |b paysannerie des mornes et reconquete collective 1840-1960 /   |c Christine Chivallon. 
260 |a Paris :   |b CNRS,   |c 1998. 
300 |a 298 p. 
653 |a Plider 
942 |c BK  |h 307.72  |i CH969  |m P  |2 ddc  |6 307_720000000000000_CH969